书目信息 |
| 题名: |
英语语境语法
|
|
| 作者: | 桑德拉, 著 | |
| 分册: | 1B | |
| 出版信息: | 北京 北京大学出版社 2006.01 |
|
| 页数: | 223-422页 | |
| 开本: | 28cm | |
| 丛书名: | ||
| 单 册: | ||
| 中图分类: | H314 | |
| 科图分类: | ||
| 主题词: | 英语--ying yu--语法 | |
| 电子资源: | ||
| ISBN: | 7-301-10313-1 | |
| 000 | 01026nam0 2200277 450 | |
| 001 | 012006367344 | |
| 005 | 20060921165040.79 | |
| 010 | @a7-301-10313-1@dCNY32.00 (含光盘) | |
| 100 | @a20060625d2006 km y0chiy0120 ea | |
| 101 | 0 | @aeng |
| 102 | @aCN@b110000 | |
| 105 | @aa z 001yy | |
| 200 | 1 | @a英语语境语法@Aying yu yu jing yu fa@d= Grammar in context@h1B@fSandra N. Elbaum著@FSandra N.Elbaum zhu@zeng |
| 205 | @a影印版 | |
| 210 | @a北京@c北京大学出版社@d2006.01 | |
| 215 | @a223-422页@c图@d28cm@e光盘1片 | |
| 305 | @a影印自:原书第4版 | |
| 307 | @a光盘 ISRC : CN-A20-06-0001-0 | |
| 320 | @a有索引 | |
| 330 | @a本书共14课,包括:学校生活、美国政府、节日、住宅、家庭与姓名、生活方式、婚礼等,每课内容包括语法讲解和练习、阅读课文和扩展活动,是了解美国文化和在美国生存所必需的基本知识。 | |
| 510 | 1 | @aGrammar in context@zeng |
| 606 | 0 | @a英语@Aying yu@x语法 |
| 690 | @aH314@v4 | |
| 701 | 1 | @a桑德拉,@Asang de la,@bS. N.@g(Elbaum, Sandra N.)@4著 |
| 801 | 0 | @aCN@bQSSK@c20060921 |
| 905 | @a10447@dH314@eS031 | |
| 英语语境语法= Grammar in context.1B/Sandra N. Elbaum著.-影印版.-北京:北京大学出版社,2006.01 |
| 223-422页:图;28cm+光盘1片 |
| ISBN 7-301-10313-1:CNY32.00 (含光盘) |
| 本书共14课,包括:学校生活、美国政府、节日、住宅、家庭与姓名、生活方式、婚礼等,每课内容包括语法讲解和练习、阅读课文和扩展活动,是了解美国文化和在美国生存所必需的基本知识。 |
| ● |
| 相关链接 |
|
|
|
正题名:英语语境语法
索取号:H314/S031
 
预约/预借
| 序号 | 登录号 | 条形码 | 馆藏地/架位号 | 状态 | 备注 |
| 1 | 591778 | 205917784 | 语言库209/209语言库 5排2列3层/ [索取号:H314/S031] | 在馆 | |
| 2 | 591779 | 205917793 | 语言库209/209语言库 5排2列3层/ [索取号:H314/S031] | 在馆 | |
| 3 | 591780 | 205917800 | 语言库209/209语言库 5排2列3层/ [索取号:H314/S031] | 在馆 |